000 00713nam a22002177a 4500
005 2008102207577.0
008 081022t xxu||||| |||| 00| 0 eng d
010 _aENG-84306
020 _a0195686780
020 _c195.00 (pbk)
035 _aEN-67839
082 _aN
100 _aTagore, Rabindranath
245 _aRelationships :
_bjogajog /
_cby Rabindranath Tagore; translated by Supriya Chaudhuri
260 _aNew Delhi
_bOxford University Press
260 _c2006
300 _ax,275p
_c22cm
700 _aChaudhuri, Supriya
_ctr
942 _2ddc
_cEN
_hN
_mTAG
999 _c17644
_d17644